Liste des films de Christopher Nolan - Statistiques

Statistiques générales
  • Ce quiz a été pris 182 fois
    95 depuis la dernière actualisation
  • Le résultat moyen est 9 sur 13
Statistiques - réponses
Date de sortie Long Métrage % Correct
2010 Inception
98%
2014 Interstellar
94%
2020 Tenet
93%
2023 Oppenheimer
90%
2008 The Dark Knight - Le Chevalier noir
90%
2012 The Dark Knight Rises
81%
2005 Batman Begins
80%
2000 Memento
78%
2017 Dunkerque
73%
2006 Le Prestige
64%
2002 Insomnia
40%
1999 Following (Le Suiveur)
31%
1997 Doodlebug
6%
Aucun quiz correspondant
Distribution des résultats
% des personnes avec chaque résultat
Percentile par nombre de réponses
Votre historique - résultats
Vous n’avez pas pris ce quiz depuis la dernière actualisation